[Event "41st Nezhmetdinov Rapid 2019"]
[Site "Kazan"]
[Date "2019.05.29"]
[Round "4.6"]
[White "Maiorov, Nikita"]
[Black "Yudin, Sergei"]
[Result "1/2-1/2"]
[WhiteElo "2514"]
[BlackElo "2507"]
[Annotator "TA"]
[PlyCount "68"]
[EventDate "2019.05.29"]
[EventType "swiss"]
[EventCountry "RUS"]
[SourceTitle "playchess.com"]
[Source "ChessBase"]
[SourceQuality "1"]

{[%evp 15,68,21,22,16,24,25,18,21,21,12,15,14,31,29,29,28,28,25,35,31,43,36,62,53,85,68,73,81,73,72,69,74,127,42,48,0,0,0,0,0,0,0,0,0,0,8,8,0,20,0,0,0,20,0,0]} 1. d4 d5 2. c4 e6 3. Nf3 c6 4. e3 Bd6 5. Be2 f5 6. O-O Nf6 7. b3 Qe7 8. a4 a5 9. Ba3 {A84: Dutch Defence: 2 c4 Miscellaneous} Bxa3 10. Nxa3 O-O 11. Qc1 $146 ({Predecessor:} 11. Qc2 Bd7 12. Rfc1 Ne4 13. Ne5 Be8 14. f3 Nf6 15. cxd5 exd5 16. Bd3 Nbd7 17. Qc3 Nxe5 18. dxe5 Nd7 19. f4 {1-0 (48) Vitiugov,N (2721)-Can,E (2557) Gjakova 2016}) 11... b6 12. Nc2 {[%cal Ba3c2,Bc2e1,Be1d3][%mdl 32]} Bb7 13. Nce1 Nbd7 14. Nd3 c5 15. Qb2 Rac8 16. Rac1 Rfd8 17. Rfd1 Rc7 18. cxd5 Nxd5 19. dxc5 Nxc5 20. Nxc5 Rxc5 21. Rxc5 Qxc5 22. Bc4 Qe7 23. Qd4 Rc8 ({Black should play} 23... Qf6) 24. Qe5 ({Reject} 24. Bxd5 $6 Bxd5 25. Qxb6 Qc5 $11) (24. h4 $16) 24... Qf6 $14 25. h3 Qxe5 $1 {The position is equal.} 26. Nxe5 Rc7 27. f3 {[#] Black must now prevent e4.} Kf8 28. Kf2 Ke7 29. g4 {Black should prevent gxf5.} Kf6 30. Nd3 g5 31. Rc1 Rd7 32. Bb5 Rc7 33. Bc4 Rd7 34. Bb5 Rc7 {Accuracy: White = 67%, Black = 69%.} 1/2-1/2

[Event "41st Nezhmetdinov Rapid 2019"]
[Site "Kazan"]
[Date "2019.05.29"]
[Round "4.7"]
[White "Khanin, Semen"]
[Black "Usmanov, Vasily"]
[Result "1/2-1/2"]
[WhiteElo "2524"]
[BlackElo "2437"]
[Annotator "TA"]
[PlyCount "59"]
[EventDate "2019.05.29"]
[EventType "swiss"]
[EventCountry "RUS"]
[SourceTitle "playchess.com"]
[Source "ChessBase"]
[SourceQuality "1"]

{[%evp 25,59,33,44,19,34,36,31,30,37,22,26,5,0,0,50,50,76,62,76,76,76,76,76,62,76,76,76,0,0,0,0,0,0,0,0,0]} 1. e4 e6 2. d4 d5 3. Nc3 Nf6 4. e5 Nfd7 5. f4 c5 6. Nf3 Nc6 7. Be3 cxd4 8. Nxd4 Bc5 9. Qd2 Bxd4 10. Bxd4 Nxd4 11. Qxd4 Qb6 12. Nb5 Qxd4 13. Nxd4 Ke7 14. Kd2 {C11: French: Classical System: 4 e5 and 4 Bg5 dxe4} Nb8 15. Bd3 Nc6 16. c3 {White is slightly better.} Bd7 17. h4 {[#]} (17. Nf3 {is interesting.} h6 18. h4 b5 19. a3 h5 20. Rhe1) 17... h5 $146 ({Predecessor:} 17... Nxd4 18. cxd4 h5 19. Rac1 Rac8 20. Rc5 b6 21. Rxc8 Rxc8 {½-½ (49) Korneev,O (2610)-Tratar,M (2517) Nova Gorica 2013}) 18. b4 (18. g3 {keeps more tension.} a6 19. Nf3 Rhc8 20. Rhe1 g6 21. Ke3) 18... Nxd4 19. cxd4 Rac8 20. a4 f5 21. a5 Rc7 22. Rhc1 Rxc1 23. Rxc1 $16 {[%mdl 4096] [#] Endgame aiming for Rc7. KRB-KRB} Rc8 24. Rb1 Kd8 25. b5 b6 26. axb6 (26. a6 $16) 26... axb6 $11 {The position is equal.} 27. Ra1 Rb8 28. Ra7 Kc8 29. Be2 g6 $1 30. Bd3 {Accuracy: White = 29%, Black = 55%.} 1/2-1/2

[Event "41st Nezhmetdinov Rapid 2019"]
[Site "Kazan"]
[Date "2019.05.29"]
[Round "4.8"]
[White "Vallejo Pons, Francisco"]
[Black "Faizrakhmanov, Ramil"]
[Result "1/2-1/2"]
[WhiteElo "2688"]
[BlackElo "2438"]
[Annotator "TA"]
[PlyCount "110"]
[EventDate "2019.05.29"]
[EventType "swiss"]
[EventCountry "RUS"]
[SourceTitle "playchess.com"]
[Source "ChessBase"]
[SourceQuality "1"]

{[%evp 13,110,0,0,0,0,0,0,0,7,0,15,8,12,12,33,32,29,33,22,0,33,34,54,44,39,41,49,36,110,101,116,105,133,0,82,0,0,-83,-80,-80,-85,-71,-78,-78,-64,-64,-35,-34,-20,-18,0,0,0,0,0,-4,0,0,0,0,10,0,0,0,0,0,0,0,0,0,0,0,0,0,0,0,0,0,0,0,0,0,0,0,0,0,0,0,0,0,0,0,0,0,0,0,0,0,0]} 1. d4 Nf6 2. c4 e6 3. Nc3 Bb4 4. Qc2 O-O 5. e4 d5 6. e5 Ne4 7. Bd3 c5 8. Nf3 {E32: Nimzo-Indian: Classical (4 Qc2): 4...0-0} cxd4 9. Nxd4 Nd7 10. Bf4 Ndc5 (10... Qh4 11. g3 Qh5 12. h4 Nxe5 13. Be2 Ng4 14. Bxg4 Qxg4 15. f3 Qh5 {1-0 (36) Vallejo Pons,F (2707)-So,W (2780) Leon 2018}) 11. O-O Bxc3 12. bxc3 Nxd3 13. Qxd3 Nc5 14. Qg3 {Strongly threatening Bh6!} Kh8 {[#]} 15. Rad1 $146 {[%mdl 128] White is up to no good.} ({Predecessor:} 15. Rfd1 Bd7 16. cxd5 exd5 {½-½ (31) Gharamian,T (2560)-Spoelman,W (2448) Tilburg 2008}) 15... Bd7 16. Bg5 Qc7 17. cxd5 {And now d6 would win.} exd5 18. Be7 {Black must now prevent Bd6.} Ne4 19. Qf4 Rfe8 20. Bd6 $1 {[%cal Rd6c7]} (20. Qxf7 $2 Bg4 $19) 20... Qxc3 (20... Nxd6 $14 21. exd6 Qc5) 21. Qxf7 $16 {[%mdl 64] [#] Double Attack} Nxd6 22. exd6 ({Of course not} 22. Qxd7 $6 Rad8 $11) 22... Ba4 23. Nb3 ({But not} 23. Qxd5 $6 Bxd1 24. d7 Ba4 $11) (23. d7 $16 Red8 24. Rfe1) 23... Bb5 (23... Bc6 $1 $11 {keeps the balance.}) 24. Rc1 ({Much worse is} 24. Qxd5 Bxf1 25. d7 {[#]} Bc4 $1 $15 {[%mdl 512]}) (24. d7 $16 Red8 25. Qxd5) 24... Qe5 $1 $11 25. d7 (25. Qxb7 $11 Bxf1 26. d7) 25... Rf8 $17 26. Rc8 Raxc8 27. dxc8=Q Rxc8 28. Rd1 Bc6 29. h3 h6 30. Nd4 Ba4 31. Nb3 {The position is equal.} Bxb3 (31... Rc7 {with more complications.} 32. Qxd5 Qxd5 33. Rxd5 Rc3 34. Rc5 Rd3) 32. axb3 Rc7 33. Qxd5 Qxd5 34. Rxd5 $11 {[%mdl 4096] Endgame KR-KR} Rc3 35. b4 Rc4 36. b5 a6 37. Rd7 axb5 38. Rxb7 b4 39. Kf1 h5 40. Rb5 g6 41. Rb7 Kg8 42. Ke2 Kf8 43. g3 h4 44. g4 Rc3 45. Rxb4 Rxh3 46. g5 Rh2 47. Kf3 Kf7 48. Rb7+ Ke6 49. Kg4 Rxf2 50. Rg7 Rg2+ 51. Kxh4 Rg1 52. Rxg6+ Kf7 $1 {[%cal Rf7g6]} 53. Ra6 $1 Kg7 54. Kh5 {Threatens to win with Ra7+.} Rh1+ $1 55. Kg4 Rg1+ {Accuracy: White = 67%, Black = 73%.} 1/2-1/2

[Event "41st Nezhmetdinov Rapid 2019"]
[Site "Kazan"]
[Date "2019.05.29"]
[Round "4.9"]
[White "Iljiushenok, Ilia"]
[Black "Tsydypov, Zhamsaran"]
[Result "1/2-1/2"]
[WhiteElo "2534"]
[BlackElo "2546"]
[Annotator "RC"]
[PlyCount "74"]
[EventDate "2019.05.29"]
[EventType "swiss"]
[EventCountry "RUS"]
[SourceTitle "playchess.com"]
[Source "ChessBase"]
[SourceQuality "1"]
[TimeControl "900+10"]

1. c4 {[%emt 0:00:00]} e6 {[%emt 0:00:01]} 2. Nc3 {[%emt 0:00:00]} Nf6 {[%emt 0:00:02]} 3. Nf3 {[%emt 0:00:08]} d5 {[%emt 0:00:10]} 4. cxd5 {[%emt 0:00:09]} exd5 {[%emt 0:00:05]} 5. d4 {[%emt 0:00:04]} c6 {[%emt 0:00:11]} 6. Qc2 {[%emt 0:00:16]} g6 {[%emt 0:00:27]} 7. Bg5 {[%emt 0:01:20]} Be7 {[%emt 0:00:17]} 8. e3 {[%emt 0:00:35]} Bf5 {[%emt 0:00:06]} 9. Bd3 {[%emt 0:00:02]} Bxd3 {[%emt 0:00:05]} 10. Qxd3 {[%emt 0:00:02]} O-O {[%emt 0:00:09]} 11. O-O {[%emt 0:00:08]} Nbd7 {[%emt 0:00:02]} 12. Rab1 {[%emt 0:00:29]} a5 {[%emt 0:01:06]} 13. h3 {[%emt 0:00:20]} Re8 {[%emt 0:00:06]} 14. Bf4 {[%emt 0:00:07]} Qb6 {[%emt 0:00:53]} 15. Rfc1 {[%emt 0:00:20]} Qa6 {[%emt 0:00:10]} 16. Qc2 {[%emt 0:00:37]} Bf8 {[%emt 0:00:38]} 17. Nd2 {[%emt 0:01:04]} a4 {[%emt 0:00:25]} 18. Re1 {[%emt 0:00:58]} Nb6 {[%emt 0:03:07]} 19. Be5 {[%emt 0:00:57]} Nfd7 {[%emt 0:00:30]} 20. Bg3 {[%emt 0:00:03]} Nc4 {[%emt 0:00:04]} 21. Nxc4 {[%emt 0:04:34]} Qxc4 {[%emt 0:00:02]} 22. b3 {[%emt 0:00:02]} axb3 {[%emt 0:00:05]} 23. axb3 {[%emt 0:00:03]} Qb4 {[%emt 0:00:10]} 24. Ra1 {[%emt 0:00:11]} Ra3 {[%emt 0:00:49]} 25. Rxa3 {[%emt 0:02:36]} Qxa3 {[%emt 0:00:02]} 26. Rb1 {[%emt 0:00:39]} Bb4 {[%emt 0:00:37]} 27. Na4 {[%emt 0:01:38]} Nf6 {[%emt 0:01:03]} 28. Rb2 {[%emt 0:00:01]} Bf8 {[%emt 0:00:08]} 29. Ra2 {[%emt 0:00:06]} Qb4 {[%emt 0:00:02]} 30. Nc3 {[%emt 0:00:02]} Qb6 {[%emt 0:01:20]} 31. Na4 {[%emt 0:00:26]} Qd8 {[%emt 0:00:03]} 32. Be5 {[%emt 0:00:40]} Nd7 {[%emt 0:00:18]} 33. Bf4 {[%emt 0:00:02]} Qa5 {[%emt 0:02:08]} 34. Nc3 {[%emt 0:00:21]} Qb6 {[%emt 0:00:07]} 35. Na4 {[%emt 0:00:03]} Qb4 {[%emt 0:00:04]} 36. Nc3 {[%emt 0:00:08]} Qb6 {[%emt 0:00:37]} 37. Na4 {[%emt 0:00:05]} Qb4 {[%emt 0:00:01]} 1/2-1/2

[Event "41st Nezhmetdinov Rapid 2019"]
[Site "Kazan"]
[Date "2019.05.29"]
[Round "5.1"]
[White "Frolyanov, Dmitry"]
[Black "Morozevich, Alexander"]
[Result "0-1"]
[WhiteElo "2538"]
[BlackElo "2656"]
[Annotator "TA"]
[PlyCount "60"]
[EventDate "2019.05.29"]
[EventType "swiss"]
[EventCountry "RUS"]
[SourceTitle "playchess.com"]
[Source "ChessBase"]
[SourceQuality "1"]

{[%evp 13,64,63,42,31,17,27,27,13,59,-14,0,-9,0,-3,17,19,22,13,0,-45,-28,-23,-28,-29,-33,-84,-55,-28,-37,-204,-212,-208,-194,-278,-279,-279,-275,-277,-280,-350,-346,-339,-327,-570,-568,-576,-568,-552,-504,-504,-504,-498,-493]} 1. e4 d6 2. d4 Nf6 3. Nc3 Nbd7 4. f4 e5 5. Nf3 exd4 6. Qxd4 c6 7. Be3 d5 8. O-O-O {[%cal Re4d5] B07: Pirc Defence: Miscellaneous Systems} Bc5 9. Qd2 {[%cal Re4d5]} Bb4 (9... O-O 10. e5 Bxe3 11. Qxe3 Ng4 12. Qe1 Qb6 13. Nd4 Nc5 14. h3 Nh6 15. g4 Ne6 {0-1 (44) Neiksans,A (2631)-Bortnyk,O (2581) Tallinn 2016}) 10. Qd3 $146 {[%cal Re4d5] White has an edge.} ({Predecessor:} 10. exd5 Nxd5 11. Bd4 O-O 12. Bc4 Nxc3 13. Bxc3 Bxc3 14. Qxc3 Qc7 15. Rhf1 Nb6 16. Qe5 Qxe5 17. Nxe5 Nxc4 18. Nxc4 Be6 19. Nd6 b6 20. c4 {½-½ (20) Gusan,B (2500)-Pegg,R (2447) ICCF email 2008}) 10... O-O 11. exd5 (11. e5 $14) 11... Bxc3 $1 $11 12. Qxc3 Nxd5 13. Qa3 Re8 14. Bd2 Qc7 15. g3 N7f6 {[%cal Bd7f6,Bf6e4,Be4d2][%mdl 32]} 16. Ne5 Ne4 {White must now prevent ...f6.} 17. Qf3 Nxd2 18. Rxd2 f6 $36 {[%mdl 2048] Black is more active.} 19. Nd3 (19. Ng4 $15) 19... Qa5 20. a3 Bf5 {[#] Hoping for ...Be4.} 21. Bg2 $2 (21. Re2 $15) 21... Ne3 $19 22. Re1 Bg4 23. Qf2 (23. Qxe3 $142 Rxe3 24. Rxe3) 23... Nc4 24. h3 Qxd2+ ({Much less strong is} 24... Nxd2 25. Qxd2 Qxd2+ 26. Kxd2 $19) 25. Qxd2 Nxd2 26. hxg4 Rxe1+ 27. Nxe1 {[%mdl 4096] Endgame KRN-KBN} Nc4 28. Nd3 $2 {[#]} (28. Bf1 Ne3 29. Be2) 28... Re8 {Black is clearly winning.} 29. b3 Nxa3 30. Nc5 Nxc2 {Played: Re8-e2} 0-1

[Event "41st Nezhmetdinov Rapid 2019"]
[Site "Kazan"]
[Date "2019.05.29"]
[Round "5.2"]
[White "Kokarev, Dmitry"]
[Black "Maiorov, Nikita"]
[Result "0-1"]
[WhiteElo "2605"]
[BlackElo "2514"]
[Annotator "TA"]
[PlyCount "62"]
[EventDate "2019.05.29"]
[EventType "swiss"]
[EventCountry "RUS"]
[SourceTitle "playchess.com"]
[Source "ChessBase"]
[SourceQuality "1"]

{[%evp 17,168,-5,0,-6,-7,-6,-7,-41,-12,-7,6,-19,0,-26,-26,-21,0,0,33,0,8,-38,-45,-70,-33,-70,-82,-245,-239,-241,-241,-243,-205,-376,-354,-353,-366,-341,-292,-297,-297,-576,-385,-503,-480,-1022,-465,-454,-221,-214,-222,-211,-217,-213,-209,-201,-202,-205,-194,-186,-83,-117,-83,-83,-83,-83,-83,-83,-72,-88,-79,-88,-88,-88,-88,-95,-79,-112,-86,-131,-130,-131,-131,-160,-160,-232,-131,-131,-83,-254,-247,-244,-244,-237,-236,-199,-169,-169,-131,-131,-83,-83,-83,-193,-83,-83,-83,-90,-83,-83,0,-90,-116,-131,-131,-204,0,-131,-131,-131,-131,-247,-247,-241,-209,-241,-131,-193,-186,-162,-131,-131,0,-195,-27,-29964,-29968,-29967,-29957,-6436,-387,-5189,-4618,-29982,-29983,-29983,-29984,-29984,-29985,-29985,-29986,-29994,-29995]} 1. e4 e5 2. Nf3 Nc6 3. Bb5 a6 4. Ba4 Nf6 5. O-O Be7 6. Bxc6 dxc6 7. d3 Nd7 8. Nbd2 f6 9. Nh4 g6 10. b3 {C85: Closed Ruy Lopez: Deferred Exchange Variation} (10. Nc4 Nc5 11. Be3 Ne6 12. a4 O-O 13. Nf3 c5 14. a5 Rf7 15. Nfd2 Bf8 16. Kh1 b5 17. axb6 cxb6 {½-½ (74) Perez Ponsa,F (2577)-Dominguez Perez,L (2739) chess.com INT 2017}) 10... Nc5 $146 ({Predecessor:} 10... Nf8 11. Nc4 Ne6 12. Bh6 Bf8 13. Qd2 Qe7 14. Rae1 Bxh6 15. Qxh6 Qg7 16. Qe3 Nd4 17. Rc1 g5 {½-½ (39) Stankovic,M (2331)-Lukovic,V (2130) Banja Vrujci 2010}) 11. Bb2 O-O 12. g3 {The position is equal.} Ne6 13. Ng2 Bc5 14. Nc4 Nd4 15. Kh1 Bh3 16. f4 exf4 17. gxf4 Qd7 18. c3 (18. f5 $5) 18... Bg4 19. Qb1 Nf3 $36 {[%mdl 2048] Black is more active.} 20. d4 Bh5 21. f5 b5 22. Nce3 $2 (22. Ne1 $17 Nxe1 23. Nd2) 22... Bd6 $1 $19 23. Rf2 Rae8 $1 24. c4 {With the idea c5.} Nxh2 25. e5 $2 (25. Nh4) 25... fxe5 26. dxe5 Rxe5 27. Qd3 Re7 28. cxb5 axb5 29. Qd4 $2 (29. Rc1) 29... Re5 {And now ...Nf3 would win.} 30. Nh4 Qe7 31. Rg1 (31. Rxh2 $142 Rxe3 32. Ng2) 31... c5 {Played: Nh2-g4} 0-1

[Event "41st Nezhmetdinov Rapid 2019"]
[Site "Kazan"]
[Date "2019.05.29"]
[Round "5.3"]
[White "Chigaev, Maksim"]
[Black "Afanasiev, Nikita"]
[Result "1/2-1/2"]
[WhiteElo "2637"]
[BlackElo "2524"]
[Annotator "TA"]
[PlyCount "106"]
[EventDate "2019.05.29"]
[EventType "swiss"]
[EventCountry "RUS"]
[SourceTitle "playchess.com"]
[Source "ChessBase"]
[SourceQuality "1"]

{[%evp 14,106,-5,-16,18,-7,51,18,45,36,28,39,38,42,71,39,58,60,71,40,84,111,125,104,111,97,152,147,160,153,107,89,103,30,164,105,173,157,156,131,182,177,258,-22,229,41,33,29,28,37,41,38,38,49,60,41,85,72,73,74,78,62,59,60,44,35,29,40,46,32,39,14,44,38,47,39,53,58,67,77,69,43,100,54,93,100,138,0,41,0,134,0,41,0,109]} 1. e4 e5 2. Nf3 Nc6 3. d4 exd4 4. Nxd4 Bc5 5. Nb3 Bb6 6. Nc3 Nf6 7. Bg5 h6 8. Bh4 d6 {C45: Scotch Game} 9. f3 Ne5 $146 (9... Be6 $11) ({Predecessor:} 9... g5 10. Bg3 a6 11. Qd2 Qe7 12. O-O-O Be6 13. Na4 Ba7 14. Na5 Nxa5 15. Qxa5 Nh5 16. Be1 {½-½ (49) Chigaev,M (2637)-Malakhov,V (2660) Sochi 2019}) 10. Qe2 Ng6 11. Bf2 O-O 12. O-O-O Re8 13. Kb1 Qe7 14. Qd2 Bxf2 15. Qxf2 c6 16. h4 b5 17. g4 $1 b4 18. Ne2 $1 Qe5 19. Rg1 d5 ({Black should try} 19... Bd7) 20. g5 $1 $16 {[%cal Rg5f6]} hxg5 21. Rxg5 Qe7 22. h5 Nf8 23. Rg1 (23. e5 $16) 23... Nxh5 (23... dxe4 $11 {and Black has nothing to worry.} 24. fxe4 Bg4) 24. Ned4 (24. Qh2 $18 Qe5 25. f4 Nxf4 26. Nxf4) 24... dxe4 (24... Bd7 $16 {was called for.}) 25. fxe4 $18 (25. Nxc6 Qc7 $14) 25... Ng6 26. Nxc6 Qf6 (26... Qxe4 $16 27. Bg2 Qf5) 27. Qc5 Bb7 (27... Bg4 {might work better.}) 28. Nca5 $2 ({Less strong is} 28. Qxh5 Bxc6 29. Bc4 (29. Rh1 Bxe4 30. Rh2 Rad8 $17) 29... Nf4 $16) (28. Nxb4 Rxe4 29. Bg2 Re5 $16) (28. Rd6 $18 Qf4 29. Bc4 (29. Qxb4 $2 Rxe4 30. Bc4 Bxc6 $19) 29... Rxe4 30. Bd5 Bxc6 31. Rxc6) 28... Re5 $2 {[%mdl 8192]} (28... Bxe4 $11 {and Black stays safe.} 29. Qxh5 Bf3 {[%mdl 64] Double Attack} 30. Rxg6 Bxd1 31. Rxf6 Bxh5) 29. Qxb4 $2 (29. Rxg6 $1 $18 fxg6 30. Qc4+ Kh7 31. Nxb7) 29... Bxe4 $14 30. Bd3 Bxd3 31. Rxd3 Rae8 32. a3 Nhf4 33. Rd6 Qh4 34. Rgd1 Qf2 35. R6d2 Re2 36. Nc6 Rxd2 37. Rxd2 Qb6 38. Qa4 Ne6 39. Ne5 Re7 40. Nxg6 Qg1+ 41. Ka2 Qxg6 42. Qb5 {aiming for Qb8+.} Qg3 43. c4 g5 44. c5 Qe5 45. Qc4 Qf4 46. Qc3 Rc7 47. c6 g4 (47... Rc8 $14) 48. Rd3 Qe4 49. Rd6 {Threatens to win with Nc5.} Qf4 {[#]} 50. Rd3 (50. Rd5 $1 $16) 50... Qe4 $1 51. Rd6 (51. Na5 $14) 51... Qf4 $1 $16 {[%cal Rf4d6] [#]} 52. Rd3 ({White must play} 52. Rd5 $1 $16) 52... Qe4 $1 $14 53. Rd6 (53. Na5 $14) 53... Qf4 $1 {Accuracy: White = 44%, Black = 42%.} 1/2-1/2

[Event "41st Nezhmetdinov Rapid 2019"]
[Site "Kazan"]
[Date "2019.05.29"]
[Round "5.4"]
[White "Nozdrachev, Vladislav"]
[Black "Timofeev, Artyom"]
[Result "1-0"]
[WhiteElo "2489"]
[BlackElo "2602"]
[Annotator "TA"]
[PlyCount "77"]
[EventDate "2019.05.29"]
[EventType "swiss"]
[EventCountry "RUS"]
[SourceTitle "playchess.com"]
[Source "ChessBase"]
[SourceQuality "1"]

{[%evp 10,77,23,25,17,8,26,6,52,52,69,17,21,25,44,23,33,27,54,54,52,25,55,8,33,35,37,-14,58,58,58,58,58,58,75,56,52,52,52,52,71,72,68,80,102,62,80,80,80,-7,-16,-43,-34,-38,0,0,0,0,145,142,133,127,241,250,362,346,522,512,920,911]} 1. e4 c5 2. Nf3 Nc6 3. Bb5 d6 4. Bxc6+ bxc6 5. O-O Bg4 6. h3 Bh5 {B51: Sicilian: Moscow Variation (3 Bb5+) without 3...Bd7} 7. Re1 e6 8. d3 d5 {The position is equal.} (8... Nf6 9. e5 Nd7 10. exd6 Bxd6 11. Nbd2 O-O 12. Ne4 Bc7 13. Ng3 Bxg3 14. fxg3 {½-½ (41) Hakobyan,A (2545)-Andriasian,Z (2604) Yerevan 2019}) 9. Nbd2 $146 ({Predecessor:} 9. e5 g6 10. g4 Bxg4 11. hxg4 h5 12. g5 Ne7 13. Nh4 Bg7 14. f4 {1-0 (51) Talavera,J (1800)-Boisnard,A (1580) Ile et Vilaine 2001}) 9... Bd6 10. e5 (10. Nb3 $14) 10... Bc7 $11 11. Nb3 Bb6 12. Be3 d4 13. Bg5 Ne7 14. a4 h6 15. Bh4 (15. Bxe7 $5 Qxe7 16. g4 $14) 15... g5 16. Bg3 Qd5 17. a5 Bd8 18. Re4 ({Better is} 18. c4 $14 dxc3 19. bxc3) 18... Bg6 (18... Rb8 $11) 19. Nfd2 $14 Rb8 20. Nc4 O-O 21. Re1 Nf5 22. Bh2 Nh4 {[%csl Gh4][%cal Rd5g2] [#]} 23. f3 Rxb3 $1 24. cxb3 Be7 25. Bg3 Nf5 26. Bf2 Rb8 27. a6 h5 28. Ra5 Rb4 29. Nd2 (29. Ra3 $16) 29... Ne3 $1 $11 {[%cal Re3d1]} 30. Bxe3 dxe3 31. Nc4 Bxd3 (31... Qd4 $5 {[%cal Re3e2]} 32. Qe2 (32. Nxe3 Bd8 $15) 32... g4 33. Qxe3 (33. hxg4 $2 Bh4 $19) 33... gxf3 $11) 32. Nxe3 Qd4 33. Kh1 Bg6 (33... Qh4 $1 $11) 34. Nc2 Bxc2 ({Don't blunder} 34... Qxd1 $2 35. Rxd1 Bxc2 36. Rd7 $18) 35. Qxc2 Qd5 (35... c4 $16 36. Rc1 Kg7) 36. Ra4 $18 Rb6 (36... Rd4 {is a better defense.} 37. Rxd4 cxd4) 37. Rc4 Rxa6 (37... Rb8 $142 38. Qe2 Rd8) 38. f4 Rb6 (38... Qd8 $142 39. Qe2 g4 40. hxg4 Rb6) 39. Rd1 {Accuracy: White = 60%, Black = 42%.} 1-0

[Event "41st Nezhmetdinov Rapid 2019"]
[Site "Kazan"]
[Date "2019.05.29"]
[Round "5.5"]
[White "Sakaev, Konstantin"]
[Black "Iljiushenok, Ilia"]
[Result "1/2-1/2"]
[WhiteElo "2584"]
[BlackElo "2534"]
[Annotator "TA"]
[PlyCount "41"]
[EventDate "2019.05.29"]
[EventType "swiss"]
[EventCountry "RUS"]
[SourceTitle "playchess.com"]
[Source "ChessBase"]
[SourceQuality "1"]

{[%evp 12,41,49,45,41,37,45,44,91,91,75,50,42,42,49,41,39,43,69,71,84,87,85,87,89,19,62,0,20,37,22,-20]} 1. d4 Nf6 2. c4 g6 3. Nc3 Bg7 4. e4 d6 5. Be2 O-O 6. Be3 Na6 7. Nf3 Ng4 {E91: King's Indian: Classical: 6 Be2, unusual replies including 6...c5 and 6...Bg4} (7... e5 8. d5 Ng4 9. Bg5 f6 10. Bh4 Nh6 11. Nd2 Nf7 12. a3 c6 13. f3 Bh6 14. Bf2 f5 15. b4 c5 16. b5 Nc7 17. a4 Ne8 18. g4 fxg4 19. fxg4 {0-1 (30) Baron,T (2532)-Demchenko,A (2679) St Petersburg 2018}) 8. Bg5 h6 9. Bh4 Qe8 {White is slightly better.} 10. h3 Nf6 11. g4 e5 12. d5 Bd7 $146 ({Predecessor:} 12... Nc5 13. Nd2 a5 {½-½ (13) Hammes,M (2368)-Schaefer,M (2411) Germany 2013}) 13. Nd2 c6 14. f3 Rc8 15. Bf2 cxd5 16. cxd5 Nc5 17. Nc4 Qe7 18. Ne3 (18. a4 $16) 18... h5 19. Rg1 ({Better is} 19. a4 $14) 19... hxg4 20. hxg4 Nh7 21. Rh1 {Accuracy: White = 71%, Black = 50%.} 1/2-1/2

[Event "41st Nezhmetdinov Rapid 2019"]
[Site "Kazan"]
[Date "2019.05.29"]
[Round "5.6"]
[White "Yudin, Sergei"]
[Black "Sharafiev, Azat"]
[Result "1/2-1/2"]
[WhiteElo "2507"]
[BlackElo "2432"]
[Annotator "TA"]
[PlyCount "74"]
[EventDate "2019.05.29"]
[EventType "swiss"]
[EventCountry "RUS"]
[SourceTitle "playchess.com"]
[Source "ChessBase"]
[SourceQuality "1"]

{[%evp 14,74,29,24,34,30,40,31,26,26,29,12,3,8,14,19,0,-106,-108,-106,-100,-152,-135,-185,-10,-10,-10,-10,-6,-6,-12,-29,-10,-10,-12,-12,-15,-10,-6,-11,-9,-9,-3,-10,7,-66,-68,-111,-81,-81,-86,-94,-102,-83,0,0,0,0,0,0,0,0,0]} 1. e4 e5 2. Nf3 Nc6 3. Bc4 Bc5 4. d3 Nf6 5. O-O d6 6. c3 O-O 7. Nbd2 a6 8. Bb3 Kh8 {C54: Giuoco Piano: 4 c3 Nf6, main lines with 5 d4 and 5 d3} (8... Ba7 9. h3 Ne7 10. Re1 Ng6 11. Nf1 Re8 12. Ng3 h6 13. d4 c6 14. Be3 exd4 15. Bxd4 c5 {½-½ (15) Andreikin,D (2719)-Mamedyarov,S (2817) St Petersburg 2018}) 9. Nc4 Ba7 10. h3 Ne7 {White is slightly better.} 11. Re1 Ng6 12. d4 exd4 $146 ({Predecessor:} 12... b5 13. Na5 Bb6 14. dxe5 Bxa5 15. exf6 Bb7 16. fxg7+ Kxg7 17. Qd4+ {1-0 (36) Zlatic,M (2463)-Popovic,A (2325) Kragujevac 2009}) 13. cxd4 Nxe4 {[%mdl 64] Remove Defender, Decoy} 14. Rxe4 d5 $1 {[%cal Rd5e4]} 15. Ng5 ({Avoid the trap} 15. Bg5 $2 f6 $19) (15. Re1 $11 {keeps the balance.} dxc4 16. Bxc4) 15... dxe4 $17 16. Qh5 {[%csl Gg5][%cal Rh5h7]} h6 {[#]} 17. Ne5 (17. Nxf7+ $142 $1 {[%mdl 512]} Rxf7 18. Qxg6) 17... Nxe5 ({Don't go for} 17... Qxd4 $2 18. Ngxf7+ Rxf7 19. Nxf7+ Kh7 20. Bxh6 $1 $18 {[%mdl 512]}) 18. dxe5 {[#]} e3 $2 (18... Be6 $1 $19 {[%cal Re6b3] aiming for ...Bxb3.} 19. Bc2 (19. Bxe6 fxe6) 19... Qe8 20. Nxe4 f5) 19. Bxe3 $11 Bxe3 20. Nxf7+ {[#]} Rxf7 $1 21. Qxf7 {Black must now prevent Rd1.} (21. Bxf7 Bd4) 21... Bd4 22. Rd1 {And now Rxd4! would win.} c5 {Threatens to win with ...Bd7.} 23. e6 {[#]} Bxe6 $1 {[%mdl 512]} 24. Qxe6 (24. Bxe6 Bxf2+) 24... Qf8 25. Rd2 Re8 26. Qf7 Re1+ 27. Kh2 $132 {[%mdl 2048] White puts up resistance} Qxf7 28. Bxf7 {[%mdl 4096] Endgame KRB-KRB} Rb1 29. Re2 (29. b3 $11) 29... Rxb2 $15 30. Re8+ Kh7 31. f4 g5 32. f5 Kg7 33. Bg6 c4 (33... Bf6 $17 {Hoping for ...c4.} 34. Kg3 Rxa2) 34. Re7+ $11 {The position is equal.} Kf6 35. Re6+ Kg7 {...Bf6 is the strong threat.} 36. Re7+ Kf6 37. Re6+ Kg7 {Accuracy: White = 53%, Black = 55%.} 1/2-1/2